Coupe du Monde Football féminine 2019 - Statistiques

Statistiques générales
  • Ce quiz a été pris 229 fois
  • Le résultat moyen est 19 sur 24
Statistiques - réponses
Réponse % Correct
France
100%
Etats-Unis
97%
Espagne
95%
Allemagne
94%
Japon
94%
Angleterre
92%
Canada
92%
Suède
92%
Brésil
91%
Chine
89%
Argentine
88%
Norvège
88%
Italie
85%
Pays-Bas
85%
Australie
83%
Corée du Sud
78%
Nigeria
75%
Nouvelle-Zélande
65%
Chili
62%
Afrique du Sud
61%
Cameroun
53%
Ecosse
51%
Thaïlande
43%
Jamaïque
36%
Aucun quiz correspondant
Distribution des résultats
% des personnes avec chaque résultat
Percentile par nombre de réponses
Votre historique - résultats
Vous n’avez pas pris ce quiz